[Event "EICC 2021"]
[Site "Reykjavik"]
[Date "2021.08.27"]
[Round "2.4"]
[White "Grandelius, Nils"]
[Black "Basso, Pier Luigi"]
[Result "1/2-1/2"]
[WhiteElo "2666"]
[BlackElo "2541"]
[Annotator "TA"]
[PlyCount "81"]
[EventDate "2021.08.26"]
[EventType "swiss"]
[EventCountry "ISL"]
[Tiebreak "Cut1 Buchholz"]
[SourceTitle "playchess.com"]
[Source "ChessBase"]
[SourceQuality "1"]

{[%evp 17,81,0,15,-7,16,16,18,10,18,21,21,19,41,0,28,24,26,20,51,48,94,67,67,
70,74,71,74,71,98,83,116,86,87,91,94,86,93,76,79,77,80,18,17,10,0,0,0,0,0,0,0,
0,0,0,0,0,0,0,0,0,0,0,0,0,0,0]} 1. e4 e5 2. Nf3 Nf6 3. Nxe5 d6 4. Nf3 Nxe4 5.
Nc3 Nxc3 6. dxc3 Be7 7. Bf4 O-O 8. Qd2 Nd7 9. O-O-O Nc5 10. Bc4 {C42: Petroff
Defence: 3 Nxe5 and unusual White 3rd moves.} Be6 11. Bxe6 Nxe6 12. Be3 Qd7 13.
h4 Qc6 14. Qd3 {[#]} Nc5 $146 ({Predecessor:} 14... f5 15. Rhe1 Rae8 16. Bd4
Bf6 17. Bxf6 Rxf6 18. h5 h6 19. Nh4 Nc5 20. Qc4+ Kh7 {1-0 (35) Krejci,J (2397)
-Brecka,I (2322) Czech Republic 2008}) 15. Qf1 Qa6 16. Qxa6 Nxa6 17. Nd4 f5 18.
g3 c6 19. Rhe1 d5 20. Ne6 Rf7 21. Re2 Bf6 22. Rde1 Re7 {[#]} 23. Bd4 $1 Rf7 24.
Ng5 Bxg5+ 25. hxg5 c5 26. Be5 Rd7 27. Bf4 Kf7 28. Re6 Rc8 29. g6+ (29. Kd2 $16)
29... hxg6 $11 {The position is equal.} 30. Bg5 $1 Kf8 31. Rxg6 (31. a3 {
is interesting.} Nb8 32. Bf4 Kf7 33. Bd6 Nc6 34. Bxc5 g5 35. b4) 31... Re8 32.
Rxe8+ Kxe8 {[%mdl 4096] Endgame KRB-KRN} 33. Re6+ (33. g4 {feels hotter.} fxg4
34. Be3 b6 35. Rxg4 Nc7 36. b4) 33... Kf7 34. Re5 g6 35. Re1 Nc7 36. Bf4 Ne6
37. Be5 Ng5 38. Rh1 a6 39. Bb8 Ne4 40. f3 Ng5 41. Rf1 {Weighted Error Value:
White=0.07/Black=0.07} 1/2-1/2

[Event "EICC 2021"]
[Site "Reykjavik"]
[Date "2021.08.27"]
[Round "2.5"]
[White "Donchenko, Alexander"]
[Black "Plat, Vojtech"]
[Result "1/2-1/2"]
[WhiteElo "2657"]
[BlackElo "2531"]
[Annotator "TA"]
[PlyCount "84"]
[EventDate "2021.08.26"]
[EventType "swiss"]
[EventCountry "ISL"]
[Tiebreak "Cut1 Buchholz"]
[SourceTitle "playchess.com"]
[Source "ChessBase"]
[SourceQuality "1"]

{[%evp 26,84,43,40,47,39,46,-16,0,-8,43,41,53,16,29,0,0,-10,-16,-39,0,0,0,-50,
-45,-41,-37,-22,-18,-38,-47,-101,-86,-122,-132,-260,-244,-908,0,0,0,0,0,0,0,0,
0,0,0,0,0,0,0,0,0,0,0,0,0,0,0]} 1. d4 Nf6 2. c4 g6 3. Nc3 d5 4. Nf3 Bg7 5. Qb3
dxc4 6. Qxc4 O-O 7. e4 Nfd7 8. Be3 Nc6 9. Rd1 Nb6 10. Qb3 Bg4 11. d5 Ne5 12.
Be2 Nxf3+ 13. gxf3 Bh5 14. h4 Qc8 {D99: Grünfeld: Russian System: 7 e4 Bg4 8
Be3 Nfd7 9 Qb3.} 15. Kf1 {[#]} Kh8 $146 ({Predecessor:} 15... c6 16. Kg2 cxd5
17. Nxd5 Nxd5 18. Rxd5 e6 19. Rc1 Qe8 20. Bb5 Qb8 21. Rd7 Rd8 22. Rcc7 Rxd7 23.
Rxd7 {1-0 (33) Cuenca Jimenez,J (2524)-Ftacnik,L (2510) Peniche 2021}) 16. Bd4
(16. Bc5 $14) 16... Bxd4 $11 17. Rxd4 c5 (17... e5 $11 18. dxe6 Qxe6) 18. Rd1
Qb8 19. d6 exd6 20. Nb5 d5 21. exd5 Qe5 22. Qc3 f6 23. d6 Rad8 24. Rh3 Rfe8 25.
Rd2 Qf5 26. Rg3 Re5 27. Nc7 Qf4 28. Rh3 (28. Kg2 $15) 28... Nc8 $17 29. d7 {[#]
} Nb6 30. Bb5 (30. Kg2 $17) 30... a6 $19 31. Qa5 (31. Be2) 31... Nc4 $2 ({
Better is} 31... Bxf3 $19 32. Be2 Bxe2+ 33. Rxe2 Rxe2 34. Kxe2 Nc4 35. Qxc5
Qg4+ {[%mdl 64] Double Attack} 36. Rf3 Ne5 {[%mdl 64] Double Attack, Pin}) 32.
Bxc4 $11 {The position is equal.} Qxc4+ 33. Kg2 $1 Re1 {( -> ...Qf1+)} 34. Ne6
$1 {[%cal Ra5d8][%mdl 64] [#] Double Attack} Bxf3+ 35. Rxf3 {[%cal Ra5d8]} (35.
Kxf3 $2 {leads to mate.} Qe4+ 36. Kg3 Rg1+ 37. Kh2 Qh1#) 35... Qf1+ 36. Kg3 {
[%cal Ra5d8]} Qg1+ 37. Kf4 $1 {[%cal Ra5d8]} Qh2+ {[%mdl 64] Double Attack} 38.
Rg3 {[%cal Ra5d8]} Qxh4+ 39. Rg4 {[%cal Ra5d8]} Qh2+ 40. Kf3 {[%cal Ra5d8]}
Qh3+ 41. Rg3 {[%cal Ra5d8]} Qh5+ 42. Rg4 {[%cal Ra5d8]} Qh3+ {Weighted Error
Value: White=0.42/Black=0.23} 1/2-1/2

[Event "EICC 2021"]
[Site "Reykjavik"]
[Date "2021.08.27"]
[Round "2.6"]
[White "Ferreira, Jorge Viterbo"]
[Black "Abasov, Nijat"]
[Result "1/2-1/2"]
[WhiteElo "2520"]
[BlackElo "2656"]
[Annotator "TA"]
[PlyCount "135"]
[EventDate "2021.08.26"]
[EventType "swiss"]
[EventCountry "ISL"]
[Tiebreak "Cut1 Buchholz"]
[SourceTitle "playchess.com"]
[Source "ChessBase"]
[SourceQuality "1"]

{[%evp 9,135,20,13,22,25,8,16,22,44,21,31,27,32,30,20,35,22,27,84,91,164,171,
172,163,162,178,169,152,141,145,209,196,191,177,181,168,167,120,125,131,118,
125,126,125,130,140,210,210,203,193,196,19,190,154,138,163,200,27,187,199,202,
200,216,208,215,222,207,70,70,70,85,29,32,33,33,35,40,17,17,17,33,17,17,17,17,
17,17,17,17,17,17,17,17,17,17,17,17,0,17,0,17,2,2,2,2,2,2,2,2,2,2,0,2,2,2,0,0,
0,0,0,0,0,0,0,0,0,0,0]} 1. c4 e5 2. g3 Nf6 3. Bg2 c6 4. Nf3 e4 5. Nd4 Qb6 6.
Nb3 {A20: English Opening: 1...e5.} a5 {Strongly threatening ...a4.} 7. d3 a4
8. N3d2 Bc5 9. O-O e3 10. fxe3 Bxe3+ 11. Kh1 Ng4 12. Ne4 O-O 13. Nbc3 {[#]} f5
$146 {[#]} (13... d5 $11 {keeps the balance.} 14. cxd5 Bxc1 15. Qxc1 (15. Rxc1
Ne3 $11 {[%mdl 64] Double Attack}) 15... Ne3) ({Predecessor:} 13... d5 14. cxd5
Bxc1 15. Qxc1 Ne3 16. Rf3 Nxd5 17. Qd2 Nd7 18. Nxd5 cxd5 19. Nc3 Nf6 {1/2-1/2 
(42) Svidler,P (2714)-So,W (2770) Paris 2021}) 14. h3 $1 $36 {[%mdl 2048]
Keeping Black busy.} Nh6 {[#]} (14... d5 $16 {might work better.}) 15. c5 $1
$18 Bxc5 16. Nxc5 Qxc5 17. Bxh6 gxh6 18. Nxa4 Qb5 19. b3 Ra6 (19... d6 $16 {
was worth a try.}) 20. Qd2 Qe5 21. d4 (21. Qxh6 b5 $11) 21... Qg7 22. e4 d6 23.
exf5 Bxf5 24. g4 Bg6 25. Rxf8+ Qxf8 26. Rf1 Qe7 27. Re1 {[%cal Bf1e1,Be1e6,
Be6f6][%mdl 32]} Qg5 (27... Qf8 $16 {keeps fighting.} 28. Nc3 d5) 28. Qb4 $1 {
[%cal Rb4d6]} Qa5 29. Qc4+ d5 30. Qf1 ({Only move:} 30. Qe2 $18 {Threatens to
win with Qe6+.} Qd8 31. Nc5) 30... b5 $2 (30... Nd7 $1 $11 {and Black has
nothing to worry.}) 31. Nc5 Ra7 32. Re6 Qd2 33. Qf6 (33. Rf6 $18 {Threatening
mate with Rf8+.} Rf7 34. Rxf7 Bxf7 35. Qf6 Qe1+ 36. Kh2) 33... Qg5 $2 (33...
Rxa2 $11 {and Black stays safe.} 34. Qd8+ {[%mdl 64] Double Attack} Kg7 35.
Qc7+ Nd7 36. Re7+ {[%mdl 64] Double Attack} (36. Qxd7+ $2 Bf7 $19) 36... Bf7
37. Rxf7+ Kxf7 38. Qxd7+ Kg8 39. Qd8+ Kg7 40. Qe7+ Kg8 41. Qd8+ Kg7 42. Qe7+
Kg8 43. Qd8+) 34. Qf2 Qd8 {[#]} 35. a4 $1 bxa4 36. bxa4 Bf7 {[#]} 37. Rf6 (37.
Rxh6 Bg6 $11) 37... Qe8 {Now ...Nd7 and Black clings on.} 38. Qf4 (38. Rxh6 Bg6
) (38. Rd6 $18) 38... Nd7 $1 $14 {[%cal Rd7f6]} 39. Nxd7 (39. Rxh6 Nxc5 40.
dxc5 Bg6 $15) ({Not} 39. Qxh6 Nxf6 40. Qxf6 Bg6 $17) 39... Qxd7 40. Qb8+ ({
Don't play} 40. Rxh6 $6 Bg6 $11) (40. Qxh6 $16 {aiming for Rd6.} Rxa4 41. Rxc6)
40... Kg7 $11 41. Qe5 {And now Rd6+ would win.} Kg8 $1 42. Rd6 Qe7 43. Rxc6 {
Rc8+ is the strong threat.} (43. Qxe7 {looks sharper.} Rxe7 44. Rxc6 Ra7 45.
Rd6 Rxa4 46. Bxd5 Bxd5+ 47. Rxd5 h5 48. gxh5 Kf7 49. Kg2) 43... Qxe5 44. dxe5
Rxa4 $14 {[%mdl 4096] Endgame KRB-KRB} 45. e6 Bg6 {The position is equal.} 46.
Bxd5 Be4+ 47. Bxe4 Rxe4 $11 {KR-KR} 48. Kg2 {Black should prevent Kf3.} Kg7 49.
Kf3 Re1 50. Kf4 {Black must now prevent Kf5.} Kf6 51. e7+ Kg7 52. Rc7 Kf6 53.
Rc6+ (53. h4 {feels hotter.} Rxe7 54. Rc6+ Re6 55. Rc5 Rb6 56. h5) 53... Kg7
54. Rc7 (54. Rc5 {with more complications.} Rxe7 55. h4 Rf7+ 56. Kg3 Ra7 57. h5
) 54... Kf6 55. Kg3 (55. Rc5 {keeps more tension.} Rxe7 56. h4 Re1 57. Rf5+ Kg7
58. Rb5) 55... h5 56. Rc6+ Kg7 57. g5 {With the idea Rc7.} Rxe7 58. Kh4 $1 Re3
59. Rc7+ Kg6 60. Rc6+ Kg7 61. Rh6 (61. Rd6 {seems wilder.} Rf3 62. Rb6 Rd3 63.
Rb8 Kg6 64. Rb4) 61... Ra3 62. Rxh5 Ra4+ 63. Kg3 Ra3+ 64. Kg4 Ra4+ 65. Kf5 Ra5+
66. Kg4 Ra4+ 67. Kf5 Ra5+ 68. Kg4 {Black escapes into a draw.  Weighted Error
Value: White=0.17/Black=0.14} 1/2-1/2

[Event "EICC 2021"]
[Site "Reykjavik"]
[Date "2021.08.27"]
[Round "2.7"]
[White "Mamedov, Rauf"]
[Black "Petrov, Martin"]
[Result "1/2-1/2"]
[WhiteElo "2654"]
[BlackElo "2521"]
[Annotator "TA"]
[PlyCount "49"]
[EventDate "2021.08.26"]
[EventType "swiss"]
[EventCountry "ISL"]
[Tiebreak "Cut1 Buchholz"]
[SourceTitle "playchess.com"]
[Source "ChessBase"]
[SourceQuality "1"]

{[%evp 9,49,-13,1,4,4,10,14,-4,0,0,0,4,6,5,10,0,0,0,0,-3,18,13,11,12,16,0,0,0,
13,-6,0,-31,11,0,0,0,0,0,0,0,0,0]} 1. Nf3 c5 2. g3 Nc6 3. d4 cxd4 4. Nxd4 g6 5.
Nxc6 dxc6 6. Qxd8+ {A04: Unusual lines after 1 Nf3 and King's Indian Attack.}
Kxd8 7. e4 {[#]} h5 $146 ({Predecessor:} 7... e5 8. Bc4 Bh6 9. Nd2 f6 10. a4
Ke7 11. Ke2 Be6 12. Bxe6 Kxe6 13. Nb3 Bxc1 14. Rhxc1 {0-1 (42) Gutman,L (2460)
-Heyken,E (2355) Germany 1986}) 8. h3 (8. Bc4 {feels hotter.} Ke8 9. f3 Bg7 10.
h4 Nf6 11. a4) 8... Bh6 9. Bxh6 Nxh6 10. Nd2 Kc7 11. f4 Be6 12. Nf3 Rad8 13.
Bd3 f6 14. Kf2 c5 15. b3 a6 16. Rae1 b5 17. Ke3 Rhg8 18. Kf2 Rg7 19. Be2 Bc8
20. Bd3 Be6 21. Rd1 {The position is equal.} g5 22. Be2 Rxd1 23. Bxd1 Bc8 24.
fxg5 fxg5 25. Ne5 {An uneventful encounter.  Weighted Error Value: White=0.06/
Black=0.06} 1/2-1/2

[Event "EICC 2021"]
[Site "Reykjavik"]
[Date "2021.08.27"]
[Round "2.8"]
[White "Sarana, Alexey"]
[Black "Hjartarson, Johann"]
[Result "1-0"]
[WhiteElo "2643"]
[BlackElo "2519"]
[Annotator "TA"]
[PlyCount "46"]
[EventDate "2021.08.26"]
[EventType "swiss"]
[EventCountry "ISL"]
[Tiebreak "Cut1 Buchholz"]
[SourceTitle "playchess.com"]
[Source "ChessBase"]
[SourceQuality "1"]

{[%evp 17,46,102,111,110,118,109,104,91,103,75,172,163,161,145,241,244,265,250,
382,378,460,401,397,399,591,594,751,767,735,743,795]} 1. d4 d6 2. Nf3 Bg4 3. e4
Nf6 4. Nc3 e6 5. h3 Bh5 6. Qe2 c6 7. g4 Bg6 8. h4 h5 9. g5 Nfd7 10. d5 {
A41: 1 d4 d6: Tartakower System and Modern Defence.} e5 11. Be3 cxd5 12. exd5 {
White is better.} Be7 13. Bh3 a6 {[#]} (13... O-O $16) 14. O-O-O $1 $18 b5 15.
Nd2 Qc7 {[#]} (15... O-O $16 {was worth a try.} 16. a3 Qc7) 16. f4 $5 $146 {
[%mdl 8] An interesting novelty.} ({Predecessor:} 16. Nce4 Nb6 17. Bxb6 Qxb6
18. f4 exf4 19. Rhe1 Ra7 20. Nb3 O-O 21. Nd4 Rc7 22. Nf5 Bxf5 23. Bxf5 {
0-1 (33) Lombardi,M (1877)-Lazic,M (2470) San Nicola Arcella 2007}) 16... exf4
17. Bxf4 Nb6 (17... b4 {might work better.}) 18. Rhe1 Ra7 {[#]} 19. Qxe7+ $1 {
[%mdl 576] Remove Defender, Decoy} Qxe7 20. Bxd6 {[%mdl 64] Double Attack, Pin}
({Less strong is} 20. Rxe7+ Rxe7 21. Bxd6 Re3 $16) 20... b4 (20... Rb7 $142 21.
Rxe7+ Rxe7 22. Bxb8 b4) 21. Bxb4 {[%mdl 64] Pin. White is clearly winning.} ({
Not} 21. Bxe7 Rxe7 22. Ne2 Nxd5 $18) 21... Kd8 22. Rxe7 Rxe7 23. Ba5 Ke8 {
Black did not feel at home in the position after the opening.  Weighted Error
Value: White=0.05/Black=0.57} 1-0

[Event "EICC 2021"]
[Site "Reykjavik"]
[Date "2021.08.27"]
[Round "2.9"]
[White "Stefansson, Hannes"]
[Black "Deac, Bogdan-Daniel"]
[Result "1/2-1/2"]
[WhiteElo "2519"]
[BlackElo "2639"]
[Annotator "TA"]
[PlyCount "117"]
[EventDate "2021.08.26"]
[EventType "swiss"]
[EventCountry "ISL"]
[Tiebreak "Cut1 Buchholz"]
[SourceTitle "playchess.com"]
[Source "ChessBase"]
[SourceQuality "1"]

{[%evp 12,117,21,4,23,16,18,22,25,0,14,22,22,14,25,9,25,18,35,14,13,4,7,14,11,
0,0,0,0,0,0,0,0,0,0,0,0,-6,0,-13,-13,-10,-11,-12,-1,-2,0,0,0,0,0,0,0,-18,0,-19,
-14,-38,0,0,0,0,0,0,0,0,0,0,19,40,44,44,45,45,45,44,44,43,63,64,62,62,61,66,52,
51,70,71,72,70,72,72,70,72,69,69,69,23,28,30,51,8,8,8,8,8,8,8]} 1. d4 Nf6 2. c4
e6 3. Nf3 d5 4. g3 Be7 5. Bg2 O-O 6. O-O dxc4 7. Qc2 b6 {E05: Open Catalan: 5
Nf3 Be7.} 8. Bg5 Nd5 9. Bxe7 Qxe7 10. Ne5 Bb7 11. Qxc4 c5 12. Nc3 Nxc3 13. Qxc3
{[#]} f6 $146 ({Predecessor:} 13... cxd4 14. Qxd4 Bxg2 15. Kxg2 Qb7+ 16. Kg1
Nc6 17. Qe4 Rfc8 18. Rfd1 Rc7 19. Nf3 h6 {1/2-1/2 (41) Harikrishna,P (2734)-So,
W (2763) Riga 2019}) 14. Bxb7 Qxb7 15. Nd3 cxd4 16. Qxd4 Nc6 17. Qe4 Nd8 18.
Qxb7 (18. Qg4 {seems wilder.} Rf7 19. Rac1 Rc8 20. h4 Rfc7 21. Rxc7 Rxc7 22.
Rd1) 18... Nxb7 19. Rac1 Rac8 20. f3 Kf7 21. Kf2 e5 22. Nb4 Nc5 23. Rfd1 Ke6
24. Nd5 Rfd8 25. Nc3 Rxd1 26. Rxd1 $11 {[%mdl 4096] Endgame KRN-KRN} Nb7 27.
Rd3 f5 28. e4 g6 29. exf5+ gxf5 30. g4 Nd6 31. gxf5+ Nxf5 32. Rd2 Rc4 33. Ne2
Rh4 34. Kg1 Ne3 35. Rd8 Nd5 36. Re8+ Kf6 37. Ng3 Rd4 38. Ne4+ Kf5 39. Kf2 a5
40. Rd8 Nb4 41. Rf8+ Kg6 $1 42. Rf6+ Kg7 $1 {[#] White must now prevent ...
Rxe4!} 43. Rxb6 Nxa2 44. Rb5 Rb4 45. Rxa5 Rxb2+ 46. Kg3 Nc1 47. Rxe5 Ne2+ 48.
Kg4 Nd4 49. h4 Rg2+ 50. Ng3 h5+ 51. Kf4 ({Much weaker is} 51. Kxh5 Rxg3 52.
Rg5+ Rxg5+ 53. hxg5 Nxf3 $11) ({Reject} 51. Rxh5 Ne2 $11) 51... Rf2 52. Re3 Kf7
53. Rd3 Ne6+ 54. Ke5 (54. Kf5 $5 {[%cal Rd3d7]} Ng7+ 55. Ke5 $16) 54... Nf8 55.
Kf5 Ng6 56. Nxh5 {Strongly threatening Rd7+.} Rxf3+ {[%mdl 64] [#] Decoy. The
position is equal.} 57. Rxf3 {Threatening mate with Kg5+.} Nxh4+ {[%mdl 64]
Double Attack} 58. Kg4+ Nxf3 59. Kxf3 {Weighted Error Value: White=0.05/
Black=0.04} 1/2-1/2

[Event "EICC 2021"]
[Site "Reykjavik"]
[Date "2021.08.27"]
[Round "2.10"]
[White "Martirosyan, Haik M."]
[Black "Steingrimsson, Hedinn"]
[Result "1/2-1/2"]
[WhiteElo "2632"]
[BlackElo "2519"]
[Annotator "TA"]
[PlyCount "89"]
[EventDate "2021.08.26"]
[EventType "swiss"]
[EventCountry "ISL"]
[Tiebreak "Cut1 Buchholz"]
[SourceTitle "playchess.com"]
[Source "ChessBase"]
[SourceQuality "1"]

{[%evp 16,89,15,1,20,4,25,27,31,33,27,14,24,9,12,10,10,0,0,0,8,0,9,0,10,0,3,0,
4,0,41,46,50,23,33,34,34,32,35,35,26,29,36,37,32,39,39,17,43,37,30,14,16,15,19,
0,0,0,0,0,0,0,0,0,0,0,0,0,0,0,0,0,0,0,0,0]} 1. d4 Nf6 2. c4 e6 3. Nf3 d5 4. Nc3
c6 5. Bg5 h6 6. Bxf6 Qxf6 7. Qb3 dxc4 8. Qxc4 Nd7 9. e3 Qe7 {D43: Semi-Slav: 5
Bg5 h6.} 10. Be2 Qb4 11. Qxb4 Bxb4 {White has an edge.} 12. O-O b6 13. Rac1 Bb7
14. a3 Be7 15. Rfd1 O-O {[#]} 16. Ne1 $146 ({Predecessor:} 16. Nd2 c5 17. dxc5
Bxc5 18. b4 Be7 19. Nb5 Ba6 20. Nf3 Rfd8 21. Nfd4 Bxb5 22. Nxb5 {1/2-1/2 (82)
Ruemmele,M (2395)-Sakowski,R (2137) GER email 2002}) 16... Rfc8 17. Bf3 Rab8
18. g3 g6 19. Bg2 Kf8 20. Rc2 h5 21. h3 a6 22. Na4 Ke8 23. Nd3 a5 24. Kf1 c5
25. Bxb7 Rxb7 26. dxc5 bxc5 27. Rdc1 Rcb8 28. Ke2 Rb3 29. Rc3 R3b5 30. R1c2 f5
31. Rc4 Bd6 32. e4 Ke7 33. f4 e5 {The position is equal.} 34. Rd2 Rb3 35. fxe5
(35. h4 {seems wilder.} exf4 36. gxf4 Kf7 37. Rcc2 Be7 38. Nc1) 35... Nxe5 36.
Nxe5 Bxe5 37. Rxc5 R8b5 38. exf5 gxf5 39. Rdd5 Rxc5 40. Rxc5 $11 {KRB-KRN} Kd6
41. Rxa5 Rxg3 42. Ra6+ Kd5 43. Ra5+ Kd6 44. Ra6+ Kd5 45. Ra5+ {Weighted Error
Value: White=0.05/Black=0.04} 1/2-1/2

[Event "EICC 2021"]
[Site "Reykjavik"]
[Date "2021.08.27"]
[Round "2.12"]
[White "Nagy, Gabor"]
[Black "Paravyan, David"]
[Result "1/2-1/2"]
[WhiteElo "2518"]
[BlackElo "2631"]
[Annotator "TA"]
[PlyCount "103"]
[EventDate "2021.08.26"]
[EventType "swiss"]
[EventCountry "ISL"]
[Tiebreak "Cut1 Buchholz"]
[SourceTitle "playchess.com"]
[Source "ChessBase"]
[SourceQuality "1"]

{[%evp 16,103,20,11,18,18,34,14,0,0,0,-11,-9,-2,0,0,2,0,23,0,12,-16,45,10,43,
28,26,0,15,-13,-23,-29,0,0,0,0,0,0,0,-118,-114,-134,-51,-52,0,0,0,0,0,0,0,0,0,
0,0,0,0,0,0,0,0,0,47,0,0,0,0,0,0,0,0,0,0,0,0,0,0,0,0,0,0,0,0,0,0,0,0,0,0,0]} 1.
d4 Nf6 2. c4 c5 3. Nf3 cxd4 4. Nxd4 e5 5. Nb5 Nc6 6. N1c3 d6 7. Bg5 a6 8. Bxf6
gxf6 9. Na3 h5 {A33: Symmetrical English: 2 Nf3 Nf6 3 d4 cxd4 4 Nxd4 e6 5 Nc3
Nc6.} 10. e3 h4 11. Qd2 f5 12. O-O-O Be6 13. Kb1 Qa5 {[#]} 14. Be2 $146 ({
Predecessor:} 14. Nc2 Bg7 15. Be2 O-O-O 16. Nd5 Qxd2 17. Rxd2 e4 18. f4 Rh6 19.
Rhd1 {1/2-1/2 (28) Gonzalez,J (2626)-Beaumont,D (2520) ICCF email 2005}) 14...
Rh6 15. Nc2 Rc8 16. Na1 Qb4 17. a3 Qa5 18. Rc1 e4 (18... Ne7 $11) 19. Rhd1 (19.
Nb3 $5 {[%cal Rb3a5]} Qd8 20. Rhd1 $14) 19... Bg7 20. Nb3 ({But not} 20. Qxd6
Rg6 $15) 20... Qb6 21. Qc2 Be5 22. h3 (22. Na4 $5 {[%cal Ra4b6]} Qc7 23. f4 $11
) 22... Rg6 23. Bf1 Na5 $36 {[%mdl 2048] Black has good play.} 24. Nxa5 Qxa5
25. Qb3 b5 {[%cal Rb5c4]} 26. Nd5 {[%cal Rc4b5]} Kf8 27. Nf4 (27. cxb5 $11
Rxc1+ 28. Kxc1 axb5 29. Qb4) 27... Bxf4 $17 28. exf4 bxc4 (28... Ke7 $17 29. a4
Qxa4 30. Qxa4 bxa4) 29. Bxc4 $15 d5 (29... Bxc4 $15 30. Rxc4 Rxc4 31. Qxc4 Qc5
32. Qxc5 dxc5) 30. Bxd5 $11 Rxc1+ 31. Kxc1 Bxd5 32. Rxd5 {[%mdl 4096] Endgame
KQR-KQR} Qe1+ {[%mdl 64] [#] Double Attack} 33. Qd1 Qxf2 34. Rxf5 Kg7 35. Kb1 {
Qd5! is the strong threat.} Rxg2 {[%csl Gg2][%cal Rf2b2]} 36. Qb3 f6 {[#]
White must now prevent ...Qa7.} 37. Rh5 {Intending Qb7+! and mate.} Qa7 {
Threatens to win with ...e3.} 38. Rxh4 Qd7 39. Rg4+ (39. f5 {looks sharper.}
Rg1+ 40. Ka2 Qc6 41. Rf4 a5 42. Qe6) 39... Rxg4 {The position is equal.} 40.
hxg4 Qxg4 {KQ-KQ} 41. Qb7+ Kg6 {Strongly threatening ...e3.} 42. Qxe4+ Qf5 43.
Qc2 Qxc2+ 44. Kxc2 {K3P-KPP} Kf5 45. b4 {And now a4 would win.} Kxf4 {KPP-KPP}
46. Kd3 Ke5 47. a4 Kd5 48. b5 axb5 49. axb5 Kc5 50. Ke4 Kxb5 51. Kf5 Kc6 52.
Kxf6 {Weighted Error Value: White=0.12/Black=0.12} 1/2-1/2

[Event "EICC 2021"]
[Site "Reykjavik"]
[Date "2021.08.27"]
[Round "2.13"]
[White "Vocaturo, Daniele"]
[Black "Blohberger, Felix"]
[Result "1-0"]
[WhiteElo "2630"]
[BlackElo "2502"]
[Annotator "TA"]
[PlyCount "83"]
[EventDate "2021.08.26"]
[EventType "swiss"]
[EventCountry "ISL"]
[Tiebreak "Cut1 Buchholz"]
[SourceTitle "playchess.com"]
[Source "ChessBase"]
[SourceQuality "1"]

{[%evp 14,83,0,2,16,0,16,0,0,0,0,0,0,0,0,0,0,7,2,3,19,10,9,8,44,17,105,100,112,
112,104,108,104,104,104,100,143,141,216,208,213,213,246,238,229,201,291,255,
257,264,314,171,347,347,465,466,640,549,726,622,457,425,12832,9532,5650,5402,
29966,29966,29975,29976,29975,29977]} 1. e4 c5 2. c3 Nf6 3. e5 Nd5 4. Nf3 Nc6
5. d4 cxd4 6. cxd4 d6 7. Bc4 dxe5 8. dxe5 Be6 {B22: Sicilian: 2 c3.} 9. O-O Nc7
10. Bxe6 (10. Qb3 {seems wilder.} Bxc4 11. Qxc4 g6 12. Nc3 Bg7 13. Rd1) 10...
Nxe6 {The position is equal.} 11. Qe2 {[#]} g6 $146 ({Predecessor:} 11... Qc7
12. Nc3 Ned4 13. Nxd4 Nxd4 14. Qe4 Ne6 15. Be3 g6 16. Nb5 Qd7 17. a4 Bg7 {
1/2-1/2 (48) Santos,J (2265)-Martin Prior,F (1867) Madrid 2012}) 12. Rd1 Qb8
13. Nc3 {[%cal Bb1c3,Bc3d5,Bd5e7][%mdl 32]} Bg7 14. Nd5 O-O 15. Qe4 Nxe5 16.
Ng5 Nxg5 17. Nxe7+ Kh8 18. Bxg5 Nc6 19. Rd7 Re8 (19... Qe5 $11 20. Qxe5 Nxe5
21. Rxb7 Rfb8 22. Rxb8+ Rxb8) 20. Rad1 $16 {Black is now going downhill.} (20.
Nxc6 bxc6 21. Qc4 Qxb2 $14) 20... Nxe7 21. Bxe7 ({Don't take} 21. Rxb7 f5 $14)
21... Qe5 22. Qxe5 Bxe5 23. Rxb7 Bxb2 24. Bg5 f6 25. Be3 ({But not} 25. Rxb2 $6
fxg5 26. Rb7 Reb8 $14) 25... Red8 (25... Rab8 $16 26. Rxa7 Ra8) 26. Rxd8+ $18
Rxd8 {[%cal Rd8d1][%mdl 4096] [#] Endgame KRB-KRB} 27. Kf1 Bd4 28. Bxd4 Rxd4
29. Rxa7 {KR-KR} Rd2 (29... Kg8 $142 30. Ke2 Kf8) 30. Ke1 Rb2 31. a4 {[%cal
Ba2a4,Ba4a5,Ba5a6][%mdl 32]} Rb1+ 32. Kd2 (32. Ke2 $142) 32... Rb2+ $2 {[#]} (
32... Rg1 {keeps fighting.}) 33. Ke3 Rb3+ 34. Kd4 Rb2 35. a5 Rxf2 36. a6 Ra2
37. Kd5 f5 (37... Kg8 $142 38. Ke6 Kf8 39. Kxf6 Rf2+ 40. Ke6 Ra2) 38. Ke5 h6
39. g3 Kg8 40. Kf6 {White mates.} g5 41. Kxf5 Kf8 42. Kg6 {Weighted Error
Value: White=0.08/Black=0.58} 1-0